AU LIBRARIES
Centralized Library System Across Seven Campuses

Accounting Best Practices (Record no. 47340)

MARC details
000 -LEADER
fixed length control field 00447nam a2200181Ia 4500
005 - DATE AND TIME OF LATEST TRANSACTION
control field 20260420114311.0
008 - FIXED-LENGTH DATA ELEMENTS--GENERAL INFORMATION
fixed length control field 260420s9999 xx 000 0 und d
020 ## - INTERNATIONAL STANDARD BOOK NUMBER
ISBN 0-471-44428-6
082 ## - DEWEY DECIMAL CLASSIFICATION NUMBER
Classification number 657
Author Mark BRA-A
100 ## - MAIN ENTRY--AUTHOR
Author Name Bragg, Robert
245 #0 - TITLE STATEMENT
Title Accounting Best Practices
250 ## - EDITION STATEMENT
Edition statement 3rd Ed
260 ## - PUBLICATION, DISTRIBUTION, ETC.
Name of publisher, distributor, etc. Wiley Pub Inc
Date of publication, distribution, etc. 2013
Place of Publication Hoboken, New Jersey
300 ## - PHYSICAL DESCRIPTION
Pages 407 p.
500 ## - GENERAL NOTE
General note Includes Index.
650 ## - SUBJECT ADDED ENTRY--TOPICAL TERM
Subject / Department Accounting
942 ## - ADDED ENTRY ELEMENTS (KOHA)
Koha item type Book
Holdings
Withdrawn status Lost status Damaged status Not for loan Collection code Permanent Location Current Location Shelving Location Date acquired Source of acquisition Price Inventory number Total Checkouts Full Call Number Accession No./Barcode Date last seen Koha item type
        Accounting Air University Kharian Campus Library Air University Kharian Campus Library Accounting 04/09/2026 Ali Book Services 2582.00 KA/10221   657 BRA-A AUKHP0574 04/20/2026 Book
Air University Sector E-9, Islamabad Pakistan
Email: librarian@au.edu.pk  Tel : +0092 51 9262612 Ext: 631